Doctor Who Actors - Sudden Death - Statistics

General Stats
  • This quiz has been taken 217 times
  • The average score is 14 of 21
Answers on the Grid
Answers color-coded by a green-red scale on the quiz's grid according to % correct below.
Bernard Cribbins
Patrick Troughton
Elisabeth Sladen
Daniel Craig
Catherine Tate
Lene Lovich
Wendy Richard
William Hartnell
John Hurt
Frazer Hines
Alexander Armstrong
Peter Purves
Sarah Sutton
Deborah Watling
Ross Kemp
Billie Piper
Christine Aguilera
Matthew Waterhouse
Jon Pertwee
Victoria Wood
Peter Davison
Katy Manning
Karen Gillan
Patsy Palmer
John Barrowman
Jodie Whittaker
Barbara Windsor
Colin Baker
Paul McGann
Bonnie Langford
 
Answer Stats
Answer % Correct
Billie Piper
88%
Catherine Tate
88%
William Hartnell
87%
Colin Baker
81%
Jodie Whittaker
80%
John Hurt
80%
Peter Davison
80%
Karen Gillan
77%
Jon Pertwee
76%
Patrick Troughton
76%
Paul McGann
76%
John Barrowman
72%
Bernard Cribbins
71%
Elisabeth Sladen
71%
Bonnie Langford
54%
Sarah Sutton
44%
Matthew Waterhouse
42%
Katy Manning
40%
Deborah Watling
38%
Frazer Hines
37%
Peter Purves
35%
No matching quizzes found
Score Distribution
Percent of People with Each Score
Percentile by Number Answered
Your Score History
You have not taken this quiz